000 00652nam a2200205Ia 4500
003 IEPS
005 20250703135259.0
008 250223s9999||||xx |||||||||||||| ||und||
020 _a9773501558
040 _CIEPS
041 _aara
082 _a158.1
100 _aخضر عبد الباسط متولي
245 0 _aالإرشاد الأسري في عصر القلق و التفكك
245 0 _bالخلفية النظرية - و الدراسة الميدانية
260 _aالجزائر
_bدار الكتاب الحديث
_c2008
300 _a362 ص.
_bجداول
_c24 سم.
653 _aالإرشاد الأسري
942 _cكتاب
999 _c12313
_d12313